01381naa a2200205 i 45000010005000000030009000050050017000140080039000310400021000700800010000910800015001011000165001162450128002815000021004095200355004306500017007856500029008027000136008317730208009673479KOSZ 00520180502141502.0140625s2008 pl f |000 0 pol cBPKdKOSZ 005/HR a621.9 a004.92/.941 aSTORCH, Borys.d1996 - .bPolitechnika Koszalińska - Wydział Mechaniczny,cKatedra Inżynierii Produkcji - Zakład Monitorowania Procesów Technologicznych10aOcena dokładności pomiarowej komputerowego systemu analizy obrazów zarysów gwintu /cBorys Storch, Izabela Wierucka. aDane z autopsji. aPrzedstawiono analizę niepewności pomiaru wybranego wymiaru geometrycznego gwintu z wykorzystaniem toru komputerowego z komputerową analizą obrazu. Wyniki badań oparte na analizie zdolności systemów pomiarowych pozwoliły na ocenę wiarygodności i przydatności stosowanego wizyjnego toru pomiarowego do pomiarów zarysów gwintu. 0aGwintowanie. 0aPrzetwarzanie obrazów.1 aWIERUCKA, Izabela.d1996 - .bPolitechnika Koszalińska - Wydział Mechaniczny,cZakład Monitorowania Procesów Technologicznych0 iW :tWspółrzędnościowa technika pomiarowa : praca zbiorowa / pod red. Eugeniusza Ratajczaka i Władysława Jakubca. -dBielsko-Biała : Wydaw. Akademii Techniczno-Humanistycznej, 2008. -gs. 59-68